000 00678nam a2200241Ia 4500
003 OSt
005 20220918201254.0
006 a|||||r|||| 00| 0
007 ta
008 220917b |||||||| |||| 00| 0 eng d
024 _a92,778
037 _cTextual
040 _aARTS
_cARTS
_beng
041 _2eng
_aeng
082 _aV1:5, M2.1--.2
100 _aVasak Karel Ed
_997852
245 0 _aInternational dimensions of human rights ed by Philip Alston
260 _aParis
_bUnesco
_c1982
500 _aBibliography p687--738
650 _aHUMAN RIGHTS; HISTORY
_94816
942 _hV1:5, M2.1--.2
_cTEXL
_2CC
999 _c216429
_d216429